| 000 | 00711nam a22002655a 4500 | ||
|---|---|---|---|
| 001 | 13477231 | ||
| 005 | 20201124142004.0 | ||
| 008 | 040202s2004 mau 000 0 eng | ||
| 010 | _a 2004101388 | ||
| 020 | _a0534491820 | ||
| 035 | _a(DLC) 2004101388 | ||
| 040 |
_aDLC _cDLC |
||
| 042 | _apcc | ||
| 082 |
_222 _a005.133 _bDRO |
||
| 100 | 1 |
_aDrozdek, Adam. _98424 |
|
| 245 | 1 | 0 |
_aData structures and algorithms in c++/ _cAdam Drozdek. |
| 250 | _a3rd ed. | ||
| 260 |
_aBoston, MA : _bCourse Technology, _cc.2004. |
||
| 263 | _a0410 | ||
| 300 |
_a758p _c23cm. |
||
| 500 | _aDistributer: Baccah. | ||
| 906 |
_bibc _corignew _d2 _eepcn _f20 _gy-gencatlg |
||
| 942 |
_2ddc _cBB |
||
| 999 |
_c10167 _d10167 |
||